000 00652nam a2200265Ia 4500
003 OSt
005 20221006155731.0
006 a|||||r|||| 00| 0
007 ta
008 221006b |||||||| |||| 00| 0 kor d
020 _a9788981067250
_cW5000
024 _a43,325
037 _cTextual
040 _aEASL
_cEASL
_bkor
041 _2kor
_akor
082 _aO495,3LE, P6
100 _aLee Dongtea
_9670189
245 0 _aOsunggwa Hanum
260 _aSeoul
_bGearim Korea
_c2006
300 _a169p.
_ccm.
490 _v KL
650 _aKL
942 _hO495,3LE, P6
_cTEXL
_2CC
999 _c1111411
_d1111411